Seeds and plants imported by Office of Foreign Plant Introduction, Bureau of Plant Industry, during period from July 1 to Sept. 30, 1924.

Bibliographic Details
Corporate Author: United States. Bureau of Plant Industry
Format: Government Document eBook
Language:English
Published: [Washington] : [publisher not identified], 1924.
Subjects:
Online Access:Connect to the full text of this electronic document

MARC

Tag First Indicator Second Indicator Subfields
LEADER 00000cam a22000001a 4500
001 in00003797021
005 20190408184640.0
006 m o d f
007 cr bn mmmapmmp
008 141211s1924 dcu o f001 0 eng d
035 |a ebd1910510008 
040 |a UMI  |c UMI  |d UtOrBLW 
086 0 |a A 19.12:80 
099 |a A19.12-80 
110 1 |a United States.  |b Bureau of Plant Industry.  |0 http://id.loc.gov/authorities/names/n80145310 
245 1 0 |a Seeds and plants imported by Office of Foreign Plant Introduction, Bureau of Plant Industry, during period from July 1 to Sept. 30, 1924. 
264 1 |a [Washington] :  |b [publisher not identified],  |c 1924. 
300 |a 1 online resource (34 pages) 
336 |a text  |b txt  |2 rdacontent 
337 |a computer  |b c  |2 rdamedia 
338 |a online resource  |b cr  |2 rdacarrier 
500 |a Includes index of common and scientific names. 
533 |a Electronic reproduction.  |b [Bethesda, Md.] :  |c ProQuest,  |d 2014.  |e digital, PDF file.  |n ProQuest U.S. Executive Branch Documents  |n Mode of access: World Wide Web via ProQuest website. 
588 |a Record is based on online resource; title from PDF title page (ProQuest, last viewed Dec. 2014). Reuse except for individual research requires license from ProQuest, LLC. 
500 |a Electronic resource. 
650 0 |a Plants.  |0 http://id.loc.gov/authorities/subjects/sh85102839 
650 0 |a Seeds.  |0 http://id.loc.gov/authorities/names/no2006006540 
655 7 |a Electronic books.  |2 local 
856 4 0 |u http://proxy.library.tamu.edu/login?url=http://congressional.proquest.com/congressional/docview/t66.d71.a19.12-80  |z Connect to the full text of this electronic document  |t 0 
999 f f |s 80a44adc-eba4-3bf2-bda7-c5bcab874746  |i 5841f98a-a9a4-306d-841b-c0701d3c1bac  |t 0 
952 f f |a Texas A&M University  |b College Station  |c Electronic Resources  |d Available Online  |t 0  |h No information provided 
998 f f |t 0  |l Available Online